| 000 | 01701nam a2200481 a 4500 | ||
|---|---|---|---|
| 001 | 71679 | ||
| 003 | BD-RjUL | ||
| 005 | 20211209082139.0 | ||
| 008 | 190301s1955 enk 000 0 eng u | ||
| 035 | _a(BD-RjUL)71895 | ||
| 040 |
_aWSU _dm.c _beng _cBD-RjUL |
||
| 041 | _aeng | ||
| 082 |
_223 _a338.10941 _bMUA 1955 |
||
| 092 | _aD0503566412 | ||
| 092 | _a12121194 | ||
| 100 | 1 |
_aMurray of Newhaven, Keith Anderson Hope, _d1903- _9228807 |
|
| 245 | 1 | 0 |
_aAgriculture / _cby Keith A.H. Murray. |
| 260 |
_aLondon : _bH.M.S.O : _bLongmans, Green, _c1955. |
||
| 300 |
_axii, 422 p. ; _c25 cm. |
||
| 490 | 1 |
_aHistory of the Second World War. United Kingdom civil series ; _v6 |
|
| 500 | _aincludes index. | ||
| 650 | 0 |
_aAgriculture _zGreat Britain _xHistory _y20th century. _9228808 |
|
| 650 | 0 |
_aAgriculture _xEconomic aspects _9228815 |
|
| 650 | 0 |
_aEconomics _9228816 |
|
| 650 | 0 |
_aFood supply _9228817 |
|
| 830 | 0 |
_aHistory of the Second World War. _9228818 |
|
| 942 |
_2ddc _cBK |
||
| 999 |
_c71679 _d71679 |
||